[Event "Montcalm op 6 2010-11"]
[Site "Quebec CAN"]
[Date "2011.04.21"]
[Round "5"]
[White "Dumont, Eric"]
[Black "Bourassa, Andre"]
[Result "0-1"]
[WhiteElo "1691"]
[BlackElo "1788"]
[PlyCount "104"]
[GameId "2160767909787324"]
[EventDate "2011.03.24"]
[EventType "swiss"]
[EventRounds "5"]
[EventCountry "CAN"]
[SourceTitle "EXT 2022"]
[Source "ChessBase"]
[SourceDate "2021.10.06"]
[SourceVersion "1"]
[SourceVersionDate "2021.10.06"]
[SourceQuality "1"]

1. d4 d5 2. Bf4 e6 3. Nf3 c5 4. c3 Nc6 5. e3 Nf6 6. Nbd2 Ne4 7. Bd3 f5 8. Ne5 Nxe5 9. Bxe5 Qg5 10. Nxe4 fxe4 11. Qa4+ Kf7 12. Bb5 Be7 13. h4 Qf5 14. O-O-O Rf8 15. f3 c4 16. g4 Qg6 17. h5 Qh6 18. f4 g5 19. hxg6+ Qxg6 20. g5 Kg8 21. Rh6 Qf5 22. Rdh1 a6 23. g6 Bf6 24. Rxh7 Bxe5 25. dxe5 Qxg6 26. Rc7 Qg3 27. Qa3 Qxe3+ 28. Kb1 Rxf4 29. Rg7+ Kxg7 30. Qe7+ Rf7 31. Rh7+ Kxh7 32. Qxf7+ Kh6 33. Qf6+ Kh5 34. Be8+ Kg4 35. Qg7+ Kf3 36. Bh5+ Kf2 37. Qf6+ Ke1 38. Qh4+ Qf2 39. Qg4 Qf1 40. a3 Bd7 41. Ka2 Rf8 42. Qd1+ Kf2 43. Qd2+ Kg1 44. Qg5+ Qg2 45. Qe3+ Kh2 46. Qh6 Ba4 47. Bd1+ Kg1 48. Bxa4 Rf2 49. Qe3 Qf3 50. Qc1+ Kg2 51. Bd1 Qg3 52. a4 e3 0-1

[Event "Montcalm op 6 2010-11"]
[Site "Quebec CAN"]
[Date "2011.04.21"]
[Round "5"]
[White "Perron, Jonathan"]
[Black "Caron, Sebastien"]
[Result "1-0"]
[WhiteElo "2065"]
[BlackElo "1921"]
[PlyCount "93"]
[GameId "2160767909787325"]
[EventDate "2011.03.24"]
[EventType "swiss"]
[EventRounds "5"]
[EventCountry "CAN"]
[SourceTitle "EXT 2022"]
[Source "ChessBase"]
[SourceDate "2021.10.06"]
[SourceVersion "1"]
[SourceVersionDate "2021.10.06"]
[SourceQuality "1"]

1. e4 e5 2. Nf3 Nc6 3. Bb5 a6 4. Ba4 Nf6 5. O-O Be7 6. Re1 b5 7. Bb3 O-O 8. a4 Bb7 9. d3 d6 10. Nbd2 Na5 11. Ba2 c5 12. c3 Qc7 13. Nf1 c4 14. Ng3 g6 15. Bg5 Kg7 16. Nh4 Ng8 17. Bxe7 Nxe7 18. d4 f6 19. Rc1 Bc6 20. axb5 axb5 21. b4 Nb7 22. Bb1 Bd7 23. Qd2 Rfd8 24. f4 Qb6 25. Kh1 Be6 26. f5 Bf7 27. fxg6 hxg6 28. Rf1 Be6 29. Rf2 Rf8 30. Rcf1 Rad8 31. Nhf5+ Bxf5 32. exf5 g5 33. Ne4 Kf7 34. Nxg5+ fxg5 35. f6 Nd5 36. Qxg5 Ke8 37. dxe5 dxe5 38. Qxe5+ Kf7 39. Qh5+ Ke6 40. Re2+ Ne3 41. Qf5+ Kd6 42. Qf4+ Kc6 43. Rxe3 Nd6 44. Re7 Rd7 45. Be4+ Nxe4 46. Qxe4+ Kc7 47. Rxd7+ 1-0

[Event "Montcalm op 6 2010-11"]
[Site "Quebec CAN"]
[Date "2011.04.21"]
[Round "5"]
[White "Sauve, Richard"]
[Black "Arteau, Benoit"]
[Result "1-0"]
[WhiteElo "1849"]
[BlackElo "1815"]
[PlyCount "99"]
[GameId "2160767909787326"]
[EventDate "2011.03.24"]
[EventType "swiss"]
[EventRounds "5"]
[EventCountry "CAN"]
[SourceTitle "EXT 2022"]
[Source "ChessBase"]
[SourceDate "2021.10.06"]
[SourceVersion "1"]
[SourceVersionDate "2021.10.06"]
[SourceQuality "1"]

1. d4 Nf6 2. c4 e6 3. Nc3 Bb4 4. Qc2 Nc6 5. Nf3 O-O 6. Bg5 h6 7. Bh4 d6 8. a3 Bxc3+ 9. Qxc3 e5 10. dxe5 dxe5 11. Nxe5 Qd6 12. Nxc6 Qxc6 13. Bxf6 gxf6 14. O-O-O Bf5 15. f3 Rad8 16. Rxd8 Rxd8 17. e3 Qd6 18. Be2 Qe5 19. Qxe5 fxe5 20. Rd1 Rxd1+ 21. Kxd1 Kf8 22. Kd2 Ke7 23. Bd3 Be6 24. Kc3 Kd6 25. Be4 b6 26. g4 a5 27. b4 axb4+ 28. axb4 f6 29. h3 Bd7 30. Kd3 Be8 31. f4 Bd7 32. Bf3 Be6 33. Be2 Bf7 34. h4 Bg6+ 35. Kc3 Bf7 36. Bd3 Be6 37. g5 fxg5 38. fxg5 hxg5 39. hxg5 Bg8 40. Bf5 c5 41. b5 Ke7 42. Be4 Kd6 43. g6 Ke7 44. Bd5 Kf8 45. Kd3 Kg7 46. Bxg8 Kxg8 47. Ke4 Kg7 48. Kf5 e4 49. Kxe4 Kxg6 50. Kd5 1-0

[Event "Montcalm op 7 2010-11"]
[Site "Quebec CAN"]
[Date "2011.04.28"]
[Round "1"]
[White "Le Huu, Pascal"]
[Black "Bourassa, Andre"]
[Result "0-1"]
[WhiteElo "1273"]
[BlackElo "1760"]
[PlyCount "88"]
[GameId "2160767909704714"]
[EventDate "2011.04.28"]
[EventType "swiss"]
[EventRounds "5"]
[EventCountry "CAN"]
[SourceTitle "EXT 2022"]
[Source "ChessBase"]
[SourceDate "2021.10.06"]
[SourceVersion "1"]
[SourceVersionDate "2021.10.06"]
[SourceQuality "1"]

1. d4 d5 2. Bf4 Nf6 3. Nf3 e6 4. e3 Bd6 5. Ne5 c5 6. c3 O-O 7. Nd2 c4 8. Be2 Ne8 9. Qc2 f6 10. Ng4 Bxf4 11. exf4 Nd6 12. O-O Bd7 13. Ne3 f5 14. Nf3 Rf6 15. Ng5 Rh6 16. Qd1 Be8 17. g3 Nc6 18. Bf3 Ne4 19. Bxe4 fxe4 20. f3 exf3 21. Qxf3 Bd7 22. Ng4 Rg6 23. Rae1 h6 24. Ne5 Nxe5 25. fxe5 Rxg5 26. Rf2 Rf5 27. Qg2 Rxf2 28. Qxf2 Qe7 29. h4 Rf8 30. Qg2 Qf7 31. Rf1 Qxf1+ 32. Qxf1 Rxf1+ 33. Kxf1 h5 34. Kf2 Ba4 35. Kf3 Kh7 36. Kf4 Kh6 37. Ke3 Kg6 38. Kf4 Bd1 39. b4 cxb3 40. axb3 Bxb3 41. g4 a5 42. gxh5+ Kxh5 43. Ke3 a4 44. Kd2 b5 0-1

[Event "Montcalm op 7 2010-11"]
[Site "Quebec CAN"]
[Date "2011.04.28"]
[Round "1"]
[White "Plante, Rejean"]
[Black "Bender, Karl"]
[Result "1-0"]
[WhiteElo "2020"]
[BlackElo "1557"]
[PlyCount "85"]
[GameId "2160767909704715"]
[EventDate "2011.04.28"]
[EventType "swiss"]
[EventRounds "5"]
[EventCountry "CAN"]
[SourceTitle "EXT 2022"]
[Source "ChessBase"]
[SourceDate "2021.10.06"]
[SourceVersion "1"]
[SourceVersionDate "2021.10.06"]
[SourceQuality "1"]

1. d4 d5 2. c4 c6 3. Nc3 Nf6 4. Nf3 Nbd7 5. cxd5 cxd5 6. Bf4 Nb6 7. e3 Bg4 8. Nb5 e5 9. Bxe5 Bb4+ 10. Nc3 O-O 11. Bxf6 Qxf6 12. Be2 Rac8 13. Qb3 Bxc3+ 14. bxc3 Bxf3 15. Bxf3 Qc6 16. Rc1 Qc4 17. Be2 Qa4 18. O-O Qd7 19. Rc2 Rc7 20. c4 dxc4 21. Bxc4 Nxc4 22. Rxc4 Rxc4 23. Qxc4 Rc8 24. Qb3 a6 25. d5 Rc5 26. e4 Rb5 27. Qg3 h6 28. Qc3 Qe7 29. Qc8+ Kh7 30. Qf5+ g6 31. Qf4 Rb4 32. d6 Qe6 33. Rd1 Qd7 34. f3 Rc4 35. Qf6 Rc8 36. e5 Re8 37. Rc1 Re6 38. Rc7 Rxf6 39. Rxd7 Rf5 40. Re7 Rf4 41. d7 Rd4 42. Rxf7+ Kg8 43. e6 1-0

[Event "Montcalm op 7 2010-11"]
[Site "Quebec CAN"]
[Date "2011.04.28"]
[Round "1"]
[White "Tremblay, Charles"]
[Black "Marquis, Paul"]
[Result "0-1"]
[WhiteElo "1448"]
[BlackElo "1947"]
[PlyCount "52"]
[GameId "2160767909704716"]
[EventDate "2011.04.28"]
[EventType "swiss"]
[EventRounds "5"]
[EventCountry "CAN"]
[SourceTitle "EXT 2022"]
[Source "ChessBase"]
[SourceDate "2021.10.06"]
[SourceVersion "1"]
[SourceVersionDate "2021.10.06"]
[SourceQuality "1"]

1. c4 Nf6 2. Nc3 d5 3. d4 e6 4. Nf3 c6 5. Bf4 Nbd7 6. e3 Be7 7. Be2 Nh5 8. Bg3 Nxg3 9. hxg3 dxc4 10. Bxc4 b5 11. Bd3 h6 12. Qc2 Qa5 13. Ke2 Bb7 14. Ne4 O-O-O 15. a4 b4 16. Bb5 Kb8 17. Bd3 e5 18. b3 exd4 19. Nxd4 Ne5 20. Bc4 Rhe8 21. Rh5 g6 22. Rxe5 Qxe5 23. Bxf7 c5 24. Nxc5 Bxc5 25. Bxe8 Bxd4 26. Rd1 Rxe8 0-1

[Event "Montcalm op 7 2010-11"]
[Site "Quebec CAN"]
[Date "2011.05.05"]
[Round "2"]
[White "Bourassa, Andre"]
[Black "Carignan, Antoine"]
[Result "1-0"]
[WhiteElo "1760"]
[BlackElo "1664"]
[PlyCount "47"]
[GameId "2160767909704717"]
[EventDate "2011.04.28"]
[EventType "swiss"]
[EventRounds "5"]
[EventCountry "CAN"]
[SourceTitle "EXT 2022"]
[Source "ChessBase"]
[SourceDate "2021.10.06"]
[SourceVersion "1"]
[SourceVersionDate "2021.10.06"]
[SourceQuality "1"]

1. d4 Nf6 2. c4 g6 3. Nc3 Bg7 4. e4 d6 5. Bd3 O-O 6. Nge2 e5 7. d5 Ne8 8. O-O f5 9. f4 Na6 10. Be3 fxe4 11. Bxe4 Nf6 12. fxe5 Ng4 13. Rxf8+ Qxf8 14. Qd2 Bxe5 15. Bf4 Nc5 16. Rf1 Nxe4 17. Nxe4 Qg7 18. h3 Bxf4 19. Qxf4 Ne5 20. Nf6+ Kh8 21. Ne8 Qf7 22. Qxf7 Nxf7 23. Rxf7 Kg8 24. Rxc7 1-0

[Event "Montcalm op 7 2010-11"]
[Site "Quebec CAN"]
[Date "2011.05.06"]
[Round "2"]
[White "Marquis, Paul"]
[Black "Dumont, Eric"]
[Result "1/2-1/2"]
[WhiteElo "1947"]
[BlackElo "1753"]
[PlyCount "75"]
[GameId "2160767909704718"]
[EventDate "2011.04.28"]
[EventType "swiss"]
[EventRounds "5"]
[EventCountry "CAN"]
[SourceTitle "EXT 2022"]
[Source "ChessBase"]
[SourceDate "2021.10.06"]
[SourceVersion "1"]
[SourceVersionDate "2021.10.06"]
[SourceQuality "1"]

1. d4 f5 2. c4 Nf6 3. Nc3 e6 4. g3 Be7 5. Bg2 c6 6. Nf3 d5 7. cxd5 exd5 8. O-O O-O 9. Rb1 Nbd7 10. b4 Ne4 11. Nxe4 fxe4 12. Ne5 Nxe5 13. dxe5 Be6 14. Be3 Qd7 15. Qd2 Bh3 16. Bxh3 Qxh3 17. Rfc1 Rf5 18. f4 Rh5 19. Bf2 Qxh2+ 20. Kf1 Qh1+ 21. Bg1 Rh2 22. Qe3 Qg2+ 23. Ke1 Rh1 24. Kd2 d4 25. Qb3+ Kh8 26. Bxd4 Rh2 27. Qe3 Rd8 28. Rg1 Rxd4+ 29. Kc3 Qh3 30. Kxd4 Bd8 31. Kc3 Bb6 32. Qd2 Qh5 33. Rbe1 h6 34. Rgf1 Qh3 35. Qd6 Qxg3+ 36. Kc2 Rh3 37. Qf8+ Kh7 38. Qf5+ 1/2-1/2

[Event "Montcalm op 7 2010-11"]
[Site "Quebec CAN"]
[Date "2011.05.13"]
[Round "3"]
[White "Doyon, Stephane"]
[Black "Bourassa, Andre"]
[Result "0-1"]
[WhiteElo "1636"]
[BlackElo "1788"]
[PlyCount "43"]
[GameId "2160767909704719"]
[EventDate "2011.04.28"]
[EventType "swiss"]
[EventRounds "5"]
[EventCountry "CAN"]
[SourceTitle "EXT 2022"]
[Source "ChessBase"]
[SourceDate "2021.10.06"]
[SourceVersion "1"]
[SourceVersionDate "2021.10.06"]
[SourceQuality "1"]

1. e4 c5 2. Nc3 d6 3. d3 Nc6 4. g3 e5 5. Bg2 Be7 6. Nh3 Nf6 7. Ne2 Bg4 8. f3 Bxf3 9. Bxf3 Qd7 10. Bg2 Ng4 11. Nc3 Rc8 12. Nd5 Bd8 13. Bf3 h5 14. Nf2 Nxf2 15. Kxf2 f5 16. exf5 Qxf5 17. Kg2 g6 18. Bh6 Qf6 19. h4 Qg7 20. Be4 Bg5 21. hxg5 Qe7 22. Nc7+ 0-1

[Event "Montcalm op 7 2010-11"]
[Site "Quebec CAN"]
[Date "2011.05.20"]
[Round "4"]
[White "Auger, Bertrand"]
[Black "Marquis, Paul"]
[Result "1-0"]
[WhiteElo "1936"]
[BlackElo "1947"]
[PlyCount "57"]
[GameId "2160767909704720"]
[EventDate "2011.04.28"]
[EventType "swiss"]
[EventRounds "5"]
[EventCountry "CAN"]
[SourceTitle "EXT 2022"]
[Source "ChessBase"]
[SourceDate "2021.10.06"]
[SourceVersion "1"]
[SourceVersionDate "2021.10.06"]
[SourceQuality "1"]

1. Nf3 d5 2. g3 Nf6 3. Bg2 c5 4. O-O Nc6 5. d4 cxd4 6. Nxd4 e5 7. Nxc6 bxc6 8. c4 Be6 9. Nc3 Qd7 10. Qa4 Rc8 11. cxd5 cxd5 12. Qxd7+ Kxd7 13. Rd1 Rc5 14. Bg5 Be7 15. Bxf6 Bxf6 16. Nxd5 Bxd5 17. Bxd5 Ke7 18. b4 Rc2 19. Bb3 Rxe2 20. Rac1 Rd8 21. Rc7+ Ke8 22. Rxd8+ Bxd8 23. Rxa7 Bb6 24. Rxf7 Rb2 25. Rf3 e4 26. Rf4 Rb1+ 27. Kg2 Re1 28. h4 Re2 29. Kf1 1-0

[Event "Montcalm op 7 2010-11"]
[Site "Quebec CAN"]
[Date "2011.05.27"]
[Round "5"]
[White "Bluteau, Yvon"]
[Black "Auger, Bertrand"]
[Result "1/2-1/2"]
[WhiteElo "1840"]
[BlackElo "1936"]
[PlyCount "68"]
[GameId "2160767909704721"]
[EventDate "2011.04.28"]
[EventType "swiss"]
[EventRounds "5"]
[EventCountry "CAN"]
[SourceTitle "EXT 2022"]
[Source "ChessBase"]
[SourceDate "2021.10.06"]
[SourceVersion "1"]
[SourceVersionDate "2021.10.06"]
[SourceQuality "1"]

1. Nf3 d5 2. d4 Nf6 3. g3 Bg4 4. Bg2 e6 5. Nbd2 Bd6 6. O-O Nbd7 7. b3 O-O 8. Bb2 c5 9. c4 cxd4 10. cxd5 exd5 11. Nxd4 Re8 12. N2f3 Qb6 13. h3 Bh5 14. Nf5 Bc5 15. Bd4 Bxd4 16. N5xd4 Bg6 17. Nh4 Be4 18. e3 Bxg2 19. Kxg2 Ne5 20. Rc1 Nc6 21. Nxc6 bxc6 22. Qc2 Rac8 23. Qc5 Ne4 24. Qxb6 axb6 25. Nf5 g6 26. Nd4 c5 27. Nb5 Red8 28. Rfd1 f5 29. Rc2 Rd7 30. a4 Re8 31. Nc3 Nf6 32. Rcd2 Red8 33. Kf1 Kf7 34. Ne2 g5 1/2-1/2

[Event "Montcalm op 7 2010-11"]
[Site "Quebec CAN"]
[Date "2011.05.27"]
[Round "5"]
[White "Bourassa, Andre"]
[Black "Labrecque, Rejean"]
[Result "1-0"]
[WhiteElo "1760"]
[BlackElo "1634"]
[PlyCount "125"]
[GameId "2160767909704722"]
[EventDate "2011.04.28"]
[EventType "swiss"]
[EventRounds "5"]
[EventCountry "CAN"]
[SourceTitle "EXT 2022"]
[Source "ChessBase"]
[SourceDate "2021.10.06"]
[SourceVersion "1"]
[SourceVersionDate "2021.10.06"]
[SourceQuality "1"]

1. d4 d5 2. c4 e6 3. Nc3 Nf6 4. Bg5 h6 5. Bxf6 Qxf6 6. cxd5 c6 7. dxe6 fxe6 8. e3 Bb4 9. Qh5+ g6 10. Qf3 O-O 11. Qxf6 Rxf6 12. Nf3 Nd7 13. Bd3 Kg7 14. O-O b6 15. Ne4 Rf8 16. Rac1 Bb7 17. a3 Be7 18. Nfd2 b5 19. Nb3 a5 20. Nbc5 Nxc5 21. Nxc5 Bxc5 22. Rxc5 Rac8 23. Rfc1 Rfd8 24. Be4 Rd6 25. a4 bxa4 26. Rxa5 Kf6 27. Rxa4 e5 28. dxe5+ Kxe5 29. Rc5+ Ke6 30. Bf3 Rcd8 31. h3 Kd7 32. Rd4 Kc7 33. Rxd6 Rxd6 34. Rc2 Kb6 35. Kf1 Ba6+ 36. Ke1 Bb5 37. Rd2 Rf6 38. Be2 Ba4 39. Bc4 c5 40. b3 Bc6 41. Bd5 Bd7 42. Ra2 g5 43. Ke2 g4 44. hxg4 Bxg4+ 45. f3 Bf5 46. e4 Bd7 47. Bc4 Bb5 48. Bxb5 Kxb5 49. Ra4 Rg6 50. Kf2 Rd6 51. Ke3 Rg6 52. g4 Rd6 53. e5 Rd1 54. Ra8 Kc6 55. Ra6+ Kd7 56. Rxh6 Rb1 57. Rd6+ Kc7 58. Rd3 Ra1 59. Kf4 Ra8 60. e6 Kc6 61. Ke5 Kb5 62. e7 Kb4 63. Rd8 1-0

[Event "Montcalm-ch 2010-11"]
[Site "Quebec CAN"]
[Date "2011.04.28"]
[Round "1"]
[White "Bleau, John"]
[Black "Sauve, Richard"]
[Result "1/2-1/2"]
[WhiteElo "1902"]
[BlackElo "1869"]
[PlyCount "70"]
[GameId "2160767909704723"]
[EventDate "2011.04.28"]
[EventType "tourn"]
[EventRounds "5"]
[EventCountry "CAN"]
[SourceTitle "EXT 2022"]
[Source "ChessBase"]
[SourceDate "2021.10.06"]
[SourceVersion "1"]
[SourceVersionDate "2021.10.06"]
[SourceQuality "1"]

1. d4 d5 2. c4 e6 3. Nf3 c6 4. e3 Bd6 5. Nc3 f5 6. b3 Nf6 7. Bb2 O-O 8. Be2 Nbd7 9. O-O Ne4 10. Nxe4 fxe4 11. Ne1 Qg5 12. Qc1 e5 13. dxe5 Nxe5 14. f4 exf3 15. Nxf3 Nxf3+ 16. Bxf3 Bg4 17. Bxg4 Qxg4 18. Qd2 Qh4 19. g3 Qe4 20. cxd5 Bc5 21. Bd4 Qxd5 22. Qc3 Bxd4 23. exd4 Rad8 24. Rxf8+ Rxf8 25. Qc4 Rd8 26. Rd1 Rd7 27. Rd2 c5 28. Qxd5+ Rxd5 29. Kf2 cxd4 30. Kf3 Kf7 31. Ke4 Ke6 32. Rxd4 Re5+ 33. Kd3 Ra5 34. Re4+ Kf6 35. Re2 Kf7 1/2-1/2

[Event "Montcalm-ch 2010-11"]
[Site "Quebec CAN"]
[Date "2011.04.28"]
[Round "1"]
[White "Caire, Francois"]
[Black "Chiffot, Nicolas"]
[Result "0-1"]
[WhiteElo "2247"]
[BlackElo "2069"]
[PlyCount "62"]
[GameId "2160767909704724"]
[EventDate "2011.04.28"]
[EventType "tourn"]
[EventRounds "5"]
[EventCountry "CAN"]
[SourceTitle "EXT 2022"]
[Source "ChessBase"]
[SourceDate "2021.10.06"]
[SourceVersion "1"]
[SourceVersionDate "2021.10.06"]
[SourceQuality "1"]

1. d4 Nf6 2. c4 g6 3. Nc3 d5 4. Nf3 Bg7 5. Qb3 dxc4 6. Qxc4 O-O 7. e4 Na6 8. Be2 c5 9. d5 e6 10. O-O exd5 11. exd5 Bf5 12. Rd1 Re8 13. Be3 Ne4 14. Rac1 Nd6 15. Qb3 Rc8 16. Na4 Qa5 17. Bxa6 bxa6 18. Rxc5 Rxc5 19. Bxc5 Bd7 20. Bxd6 Bxa4 21. Qa3 Bxb2 22. Qxb2 Bxd1 23. h4 Qxd5 24. Bg3 Bxf3 25. gxf3 Qxf3 26. Qd2 h5 27. Kh2 Kh7 28. a4 Re2 29. Qb4 Re6 30. a5 Rc6 31. Qd2 Rc3 0-1

[Event "Montcalm-ch 2010-11"]
[Site "Quebec CAN"]
[Date "2011.05.06"]
[Round "2"]
[White "Caire, Francois"]
[Black "Perron, Jonathan"]
[Result "0-1"]
[WhiteElo "2247"]
[BlackElo "2057"]
[PlyCount "60"]
[GameId "2160767909704725"]
[EventDate "2011.04.28"]
[EventType "tourn"]
[EventRounds "5"]
[EventCountry "CAN"]
[SourceTitle "EXT 2022"]
[Source "ChessBase"]
[SourceDate "2021.10.06"]
[SourceVersion "1"]
[SourceVersionDate "2021.10.06"]
[SourceQuality "1"]

1. d4 Nf6 2. c4 e6 3. Nc3 Bb4 4. f3 O-O 5. a3 Bxc3+ 6. bxc3 Nh5 7. Nh3 f5 8. e3 d6 9. Be2 Qh4+ 10. Nf2 Nc6 11. f4 Nf6 12. g3 Qh6 13. O-O Qg6 14. a4 b6 15. Bf3 Bb7 16. Re1 Na5 17. Bxb7 Nxb7 18. Qe2 e5 19. fxe5 dxe5 20. Nd3 Ng4 21. h3 Nh6 22. Kh2 Nf7 23. c5 Na5 24. Qa2 f4 25. Nxf4 exf4 26. gxf4 Rfe8 27. Bd2 bxc5 28. c4 Nc6 29. d5 Nb4 30. Bxb4 cxb4 0-1

[Event "Montcalm-ch 2010-11"]
[Site "Quebec CAN"]
[Date "2011.05.06"]
[Round "2"]
[White "Chiffot, Nicolas"]
[Black "Sauve, Richard"]
[Result "1/2-1/2"]
[WhiteElo "2069"]
[BlackElo "1869"]
[PlyCount "84"]
[GameId "2160767909704726"]
[EventDate "2011.04.28"]
[EventType "tourn"]
[EventRounds "5"]
[EventCountry "CAN"]
[SourceTitle "EXT 2022"]
[Source "ChessBase"]
[SourceDate "2021.10.06"]
[SourceVersion "1"]
[SourceVersionDate "2021.10.06"]
[SourceQuality "1"]

1. e4 e6 2. Qe2 c5 3. Nf3 Nc6 4. g3 d6 5. c3 Nf6 6. Bg2 Be7 7. O-O O-O 8. d3 Rb8 9. a4 a6 10. h4 b5 11. axb5 axb5 12. d4 cxd4 13. cxd4 Bd7 14. Bf4 Nxd4 15. Nxd4 e5 16. Bxe5 dxe5 17. Nf5 Bc5 18. Rd1 Qb6 19. Nc3 Rfd8 20. Rd3 Be6 21. Ne3 Rxd3 22. Qxd3 Bxe3 23. Qxe3 Qxe3 24. fxe3 Kf8 25. Ra5 b4 26. Nd5 b3 27. Ra3 Ng4 28. Bf3 Bxd5 29. Bxg4 Bxe4 30. Kf2 Bc2 31. Ke1 Rd8 32. Be2 Ke7 33. Ra7+ Kf6 34. g4 e4 35. Ra6+ Ke5 36. Ra7 Kf6 37. Ra6+ Ke7 38. Rb6 g6 39. g5 Rd6 40. Rb7+ Ke8 41. Rb8+ Ke7 42. Rb7+ Ke8 1/2-1/2

[Event "Montcalm-ch 2010-11"]
[Site "Quebec CAN"]
[Date "2011.05.06"]
[Round "2"]
[White "Cummins, Paul"]
[Black "Bleau, John"]
[Result "0-1"]
[WhiteElo "1803"]
[BlackElo "1902"]
[PlyCount "54"]
[GameId "2160767909704727"]
[EventDate "2011.04.28"]
[EventType "tourn"]
[EventRounds "5"]
[EventCountry "CAN"]
[SourceTitle "EXT 2022"]
[Source "ChessBase"]
[SourceDate "2021.10.06"]
[SourceVersion "1"]
[SourceVersionDate "2021.10.06"]
[SourceQuality "1"]

1. e4 g6 2. Bc4 Bg7 3. Nc3 d6 4. f4 e6 5. Nf3 a6 6. Bb3 Nd7 7. O-O Ne7 8. Ne2 Nc5 9. d3 Nxb3 10. axb3 b6 11. c3 Bb7 12. Qe1 c5 13. Qf2 O-O 14. Ng5 h6 15. Nh3 Qd7 16. g4 Qb5 17. Qe3 f5 18. exf5 e5 19. Ng3 Qc6 20. Qf2 gxf5 21. g5 h5 22. fxe5 Bxe5 23. Ra4 Ng6 24. Nf4 Bxf4 25. Bxf4 b5 26. Re4 fxe4 27. Nxe4 Nxf4 0-1

[Event "Montcalm-ch 2010-11"]
[Site "Quebec CAN"]
[Date "2011.05.13"]
[Round "3"]
[White "Bleau, John"]
[Black "Caire, Francois"]
[Result "1/2-1/2"]
[WhiteElo "1902"]
[BlackElo "2247"]
[PlyCount "72"]
[GameId "2160767909704728"]
[EventDate "2011.04.28"]
[EventType "tourn"]
[EventRounds "5"]
[EventCountry "CAN"]
[SourceTitle "EXT 2022"]
[Source "ChessBase"]
[SourceDate "2021.10.06"]
[SourceVersion "1"]
[SourceVersionDate "2021.10.06"]
[SourceQuality "1"]

1. d4 Nf6 2. c4 e6 3. g3 d5 4. Nf3 Be7 5. Bg2 O-O 6. O-O Nbd7 7. Qc2 c6 8. Nbd2 b6 9. b3 Bb7 10. Bb2 c5 11. Rac1 Rc8 12. Ne5 cxd4 13. Bxd4 Nxe5 14. Bxe5 Nd7 15. Bd4 e5 16. Bb2 Qc7 17. Qf5 d4 18. Bxb7 Qxb7 19. Qf3 Qxf3 20. Nxf3 Rfd8 21. Rcd1 f6 22. e3 dxe3 23. fxe3 Nc5 24. Ba3 Bf8 25. Bxc5 Bxc5 26. Kf2 Kf7 27. Ke2 Ke6 28. e4 Rxd1 29. Rxd1 Be7 30. g4 g6 31. Rd5 Bd6 32. a4 Rb8 33. Kd3 Rb7 34. Nh4 Rd7 35. Nf3 Rb7 36. Nh4 Rd7 1/2-1/2

[Event "Montcalm-ch 2010-11"]
[Site "Quebec CAN"]
[Date "2011.05.13"]
[Round "3"]
[White "Perron, Jonathan"]
[Black "Chiffot, Nicolas"]
[Result "1-0"]
[WhiteElo "2057"]
[BlackElo "2069"]
[PlyCount "59"]
[GameId "2160767909704729"]
[EventDate "2011.04.28"]
[EventType "tourn"]
[EventRounds "5"]
[EventCountry "CAN"]
[SourceTitle "EXT 2022"]
[Source "ChessBase"]
[SourceDate "2021.10.06"]
[SourceVersion "1"]
[SourceVersionDate "2021.10.06"]
[SourceQuality "1"]

1. e4 e5 2. Nf3 Nc6 3. Bb5 a6 4. Ba4 Nf6 5. O-O Be7 6. Re1 b5 7. Bb3 d6 8. c3 O-O 9. h3 Nb8 10. d4 Nbd7 11. Nbd2 Bb7 12. Bc2 Re8 13. b3 Bf8 14. Bb2 g6 15. a3 Bg7 16. c4 bxc4 17. dxe5 cxb3 18. Bxb3 dxe5 19. Ng5 Rf8 20. Ndf3 h6 21. Nxf7 Rxf7 22. Bxe5 Bxe4 23. Rxe4 Nxe4 24. Bxf7+ Kxf7 25. Qd5+ Kf8 26. Qxe4 Qe8 27. Bxg7+ Kxg7 28. Qd4+ Kh7 29. Re1 Qc8 30. Re7+ 1-0

[Event "Montcalm-ch 2010-11"]
[Site "Quebec CAN"]
[Date "2011.05.13"]
[Round "3"]
[White "Sauve, Richard"]
[Black "Cummins, Paul"]
[Result "1-0"]
[WhiteElo "1869"]
[BlackElo "1803"]
[PlyCount "79"]
[GameId "2160767909704730"]
[EventDate "2011.04.28"]
[EventType "tourn"]
[EventRounds "5"]
[EventCountry "CAN"]
[SourceTitle "EXT 2022"]
[Source "ChessBase"]
[SourceDate "2021.10.06"]
[SourceVersion "1"]
[SourceVersionDate "2021.10.06"]
[SourceQuality "1"]

1. d4 Nf6 2. c4 e6 3. Nc3 d5 4. cxd5 exd5 5. Bg5 c6 6. e3 g6 7. Bd3 Bg7 8. Nge2 Nbd7 9. Qc2 Nf8 10. O-O Ne6 11. Bxf6 Bxf6 12. b4 O-O 13. Rac1 Qb6 14. b5 Bd7 15. Na4 Qd8 16. bxc6 bxc6 17. Rb1 Be7 18. Rb7 Bc8 19. Rb2 Qc7 20. Rfb1 Bd6 21. h3 Ng5 22. Nc5 Qe7 23. Nb7 Rb8 24. Qxc6 Bxb7 25. Rxb7 Rxb7 26. Rxb7 Qe6 27. Qd7 Qf6 28. Rxa7 Rd8 29. Qb7 Ne6 30. Ra8 Kg7 31. a4 Rxa8 32. Qxa8 Nc5 33. Bb1 Na6 34. Qxd5 Nb4 35. Qb5 Qe6 36. Nc1 Qc8 37. Nd3 Qc3 38. Ne5 f6 39. Qd7+ Kh6 40. Nf7+ 1-0

[Event "Montcalm-ch 2010-11"]
[Site "Quebec CAN"]
[Date "2011.05.20"]
[Round "4"]
[White "Chiffot, Nicolas"]
[Black "Cummins, Paul"]
[Result "1-0"]
[WhiteElo "2069"]
[BlackElo "1803"]
[PlyCount "61"]
[GameId "2160767909704732"]
[EventDate "2011.04.28"]
[EventType "tourn"]
[EventRounds "5"]
[EventCountry "CAN"]
[SourceTitle "EXT 2022"]
[Source "ChessBase"]
[SourceDate "2021.10.06"]
[SourceVersion "1"]
[SourceVersionDate "2021.10.06"]
[SourceQuality "1"]

1. d4 Nf6 2. c4 e6 3. Nc3 Bb4 4. e3 c5 5. Nge2 Ne4 6. Qc2 f5 7. a3 Bxc3+ 8. Nxc3 Nxc3 9. Qxc3 Qf6 10. b4 cxd4 11. exd4 O-O 12. Bb2 d6 13. Be2 Nd7 14. O-O Nb6 15. a4 Bd7 16. Qb3 d5 17. c5 Nc8 18. b5 Ne7 19. Rfc1 Rac8 20. a5 f4 21. a6 b6 22. cxb6 axb6 23. Rxc8 Rxc8 24. a7 Ra8 25. Qc3 Nc8 26. Qc7 Qf7 27. Qb7 Rxa7 28. Rxa7 Nxa7 29. Qxa7 Be8 30. Qxf7+ Kxf7 31. Ba3 1-0